MARC

LEADER 00000nam0a2200000 4500
001 333231
005 20231102004532.0
035 |a (RuTPU)RU\TPU\book\359226 
090 |a 333231 
100 |a 20170608d1970 km y0rusy50 ca 
101 0 |a rus 
102 |a BY 
105 |a a z 001zy 
200 1 |a Сопряженное с окислением декарбоксилирование карбоновых кислот  |f Н. И. Мицкевич, Б. В. Ерофеев 
210 |a Минск  |c Наука и техника  |d 1970 
215 |a 188 с.  |c ил. 
320 |a Библиогр. в конце гл. 
606 1 |a Карбоновые кислоты  |x Химия  |2 stltpush  |3 (RuTPU)RU\TPU\subj\13852  |9 40396 
606 1 |a Декарбоксилирование  |2 stltpush  |3 (RuTPU)RU\TPU\subj\76541  |9 87570 
610 1 |a органическая химия 
610 1 |a органические соединения 
610 1 |a сопряженные реакции 
610 1 |a жидкофазное окисление 
610 1 |a внутримолекулярное сопряженное декарбоксилирование 
610 1 |a смоляные кислоты 
610 1 |a алифатические кислоты 
610 1 |a экспериментальные методики 
675 |a 547.29  |v 4 
675 |a 66.095  |v 4 
700 1 |a Мицкевич  |b Н. И.  |g Николай Иванович 
701 1 |a Ерофеев  |b Б. В.  |g Борис Васильевич 
801 1 |a RU  |b 63413507  |c 20170608 
801 2 |a RU  |b 63413507  |c 20201022  |g RCR 
942 |c BK